000 00509nam a22001937a 4500
003 KOHA_MİRAKIL
005 20251123134904.0
008 251123b tu ||||| |||| 00| 0 tur d
020 _a9789753854559
040 _aTR-AnABB
_btur
_cTR-AnABB
041 _atur
082 _a150.1952
_bFRE 2022
100 1 _aFreud /
245 1 0 _aMusa ve Tektanrıcılık /
_cFreudd
260 _aİstanbul :
_bOda Yayınları,
_c2022
300 _a200 sayfa ;
_c21 cm
650 0 4 _aPsikoloji
942 _2ddc
_cBK
999 _c9560
_d9560
900 _bGizem YORULMAZ